000 00880nam a2200205 i 4500
001 183689
003 ES-MaACL
005 20230915192757.0
008 140924s1867 sp |||| | spa d
080 _a34(410)
100 1 _aCárdenas, Francisco de,
_d1816-1898
_935138
245 1 0 _aAlgunas noticias acerca de los progresos y estado actual de la legislación civil y penal de Inglaterra :
_bmemoria leída en la Academia de Ciencias Morales y Políticas /
_cpor... Francisco de Cárdenas en la sesión ordinaria de 14 de mayo de 1867.
260 _a[Madrid :
_bs.n.,
_c1867?]
300 _aP. [27]-43 ;
_c24 cm.
594 _aAutor y tít. tomados de principio del texto, sin portada.
650 4 _aDerecho-
_zGran Bretaña.
_911624
710 2 _aReal Academia de Ciencias Morales y Políticas (España)
_96299
852 4 _aES-MaACL
_jT-137-F-9
999 _c183689
_d183689